| 000 | 00361nam a2200157Ia 4500 | ||
|---|---|---|---|
| 008 | 221030s9999 xx 000 0 und d | ||
| 020 | _a8188730009 | ||
| 041 | _aEnglish | ||
| 082 |
_a105.23 _bSha |
||
| 100 | _aN. K. Sharma | ||
| 245 | 0 | _aPractical Costing | |
| 260 |
_bShree Niwas Pub. _aJaipur _c2001 |
||
| 300 | _a429 | ||
| 650 | _aManagement | ||
| 942 | _cBK | ||
| 999 |
_c1086 _d1086 |
||